Catálogo

LAS ENCRUCIJADAS DE CLASE Y GENERO : (Registro nro. 57876)

Detalles MARC
000 -LEADER
fixed length control field 01172nam a2200241 a 4500
001 - CONTROL NUMBER
control field 57876
005 - DATE AND TIME OF LATEST TRANSACTION
control field 20180714054237.0
008 - FIXED-LENGTH DATA ELEMENTS--GENERAL INFORMATION
fixed length control field 140415s1992 mx 000 0 spa d
020 ## - INTERNATIONAL STANDARD BOOK NUMBER
International Standard Book Number 968163697X
041 ## - LANGUAGE CODE
Language code of text/sound track or separate title spa
082 ## - DEWEY DECIMAL CLASSIFICATION NUMBER
Classification number 305.4207253
Item number BEN
100 1# - MAIN ENTRY--PERSONAL NAME
Personal name BENERIA, LOURDES
245 14 - TITLE STATEMENT
Title LAS ENCRUCIJADAS DE CLASE Y GENERO :
Remainder of title TRABAJO A DOMICILIO, SUBCONTRATACION Y DINAMICA DE LA UNIDAD DOMESTICA EN LA CIUDAD DE MEXICO
250 ## - EDITION STATEMENT
Edition statement 1a ed.
260 ## - PUBLICATION, DISTRIBUTION, ETC.
Place of publication, distribution, etc. MEXICO :
Name of publisher, distributor, etc. FONDO DE CULTURA ECONOMICA,
Date of publication, distribution, etc. 1992
300 ## - PHYSICAL DESCRIPTION
Extent 469
Dimensions 15.5 x 1.1 x 23
490 ## - SERIES STATEMENT
Series statement ECONOMIA CONTEMPORANEA
520 ## - SUMMARY, ETC.
Summary, etc. ESTA OBRA, ADEMAS DE SER UNA REVICSION RIGUROSA E INTERDISCIPLINARIA DE LAS TEORIAS DE DESARROLLO, PRESENTA UNA VISION HUMANA Y RESPONSABLE DE LAS MUJERES TRABAJADORAS QUE ESTAN ATRAPADAS EN UN CÄšRCULO VICIOSO Y EN APARIENCIA SIN SALIDA
650 14 - SUBJECT ADDED ENTRY--TOPICAL TERM
Topical term or geographic name entry element MUJERES
General subdivision MXICO
-- CONDICIONES SOCIALES Y CULTURALES
-- MUJERES
-- MXICO
-- CONDICIONES LABORALES
-- MERCADO DE TRABAJO
-- MEXICO
-- FAMILIA
-- CONDICIONES SOCIALES
700 1# - ADDED ENTRY--PERSONAL NAME
Personal name STIMPSON, CATHARINE R.
Relator term pról.
740 ## - ADDED ENTRY--UNCONTROLLED RELATED/ANALYTICAL TITLE
Uncontrolled related/analytical title THE CROSSROADS OF CLASS AND GENDER. INDISTRIAL HOMEWORK
700 1# - ADDED ENTRY--PERSONAL NAME
Personal name ROLDAN, MARTHA
Relator term coaut.
Existencias
Withdrawn status Lost status Source of classification or shelving scheme Damaged status Not for loan Collection code Home library Current library Shelving location Date acquired Source of acquisition Inventory number Total Checkouts Full call number Barcode Date last seen Price effective from Koha item type
    Dewey Decimal Classification     General Biblioteca Karol Wojtyla Biblioteca Karol Wojtyla Sala general 03/12/2013 Compra 151000000000000000054001   305.4207253 BEN 87366 05/01/2026 03/12/2013 Libro